|
|
|
|
| LEADER |
01509nam a22003017a 4500 |
| 001 |
37919 |
| 003 |
BD-DhAAL |
| 005 |
20240320104117.0 |
| 008 |
220307t2014 bg b 000 0 benod |
| 020 |
|
|
|a 9789849071297
|
| 040 |
|
|
|a BD-DhAAL
|
| 041 |
|
|
|a ben
|
| 082 |
|
|
|a 309.15405
|
| 100 |
|
|
|a মুকুল, এম আর আখতার
|9 46494
|
| 245 |
1 |
0 |
|a কোলকাতা কেন্দ্রিক বুদ্ধিজীবী /
|c এম আর আখতার মুকুল.
|
| 246 |
|
|
|a Kolkata kendrik budhijibi
|
| 260 |
|
|
|a ঢাকা :
|b অনন্যা,
|c ২০০৪.
|
| 300 |
|
|
|a ৩১৬ পৃষ্ঠা :
|b চিত্র, মানচিত্র ;
|c ২৩ সে.মি.
|
| 500 |
|
|
|a নির্ঘণ্ট অন্তর্গত।
|
| 541 |
|
|
|a Donated by Akbar Ali Khan
Donated By Rebecca Dipa Khan
|e 37919, 42265
|
| 650 |
|
0 |
|a Intellectuals
|z India.
|9 46509
|
| 650 |
|
0 |
|a Intellectuals
|z India
|z Kolkata
|x History.
|9 46510
|
| 651 |
|
0 |
|a Kolkata (India)
|x Intellectual life.
|9 46496
|
| 852 |
|
|
|a Ayesha Abed Library
|c Akbar Ali Khan Collection
|
| 942 |
|
|
|2 ddc
|c BK
|
| 999 |
|
|
|c 43682
|d 43682
|
| 952 |
|
|
|0 0
|1 0
|2 ddc
|4 0
|6 309_154050000000000_MUK
|7 1
|9 70020
|a BRACUL
|b BRACUL
|c AAKC
|d 2022-03-07
|e Donated by Akbar Ali Khan
|l 0
|o 309.15405 MUK
|p 3010037919
|r 2022-03-07
|t 1
|w 2022-03-07
|y BK
|
| 952 |
|
|
|0 0
|1 0
|2 ddc
|4 0
|6 309_154050000000000_MUK
|7 0
|9 75218
|a BRACUL
|b BRACUL
|c GEN
|d 2024-03-05
|e Donated By Rebecca Dipa Khan
|g 100.00
|l 0
|o 309.15405 MUK
|p 3010042265
|r 2024-03-05
|t 1
|w 2024-03-05
|y BK
|